Capilla de la antigua casa de convalecencia / por J.M. Garrut
Publicado:
San Jorge, núm. 95 (juny 1975), pàg 5 - 9 :
MARC
| LEADER | 00000nam a2200000Ia 4500 | ||
|---|---|---|---|
| 001 | |||
| 008 | 160829s9999 xx 000 0 cat d | ||
| 100 | |a Garrut, Josep M. |9 24846 | ||
| 245 | |a Capilla de la antigua casa de convalecencia / por J.M. Garrut | ||
| 260 | |a San Jorge, núm. 95 (juny 1975), pàg 5 - 9 | ||
| 610 | 0 | |a Hospital de la Santa Creu i Sant Pau (Barcelona, Catalunya) |x Història |9 71783 | |
| 650 | |a Capelles |x Barcelona |9 41635 | ||
| 650 | |a Arquitectura religiosa |9 32216 | ||
| 901 | |a Arxiu | ||
| 942 | |n 1 | ||
| 952 | |0 0 |1 0 |4 0 |7 1 |9 50343 |a Arxiu |b Arxiu |d 2016-12-01 |l 0 |r 2016-12-01 00:00:00 |w 2016-12-01 |y ARXIU | ||
| 999 | |c 54185 |d 54185 | ||